000 00451nam a2200157 i 4500
001 56202
003 ES-MaACL
005 20230906163316.0
007 t|
008 031006s1973 sp ||||1| spa d
100 1 _aDíaz Sánchez, Ramón.
_944423
245 1 0 _aCumboto
_b: (cuento de siete leguas) /
_cRamón Díaz Sánchez.
260 _a[Barcelona :
_bPlaza & Janés,
_c1973]
300 _a189 p. ;
_c19 cm.
852 _aES-MaACL
_jC-55346
_bR.87968
999 _c56202
_d56202